000 00417nam a2200181Ia 4500
005 20250423100930.0
008 250422s9999 xx 000 0 und d
020 _a0-671-69063-9
050 _aLA217.2.F57
100 _aEdward B. Fiske
245 0 _aSmart Schools Smart Kids
260 _aNew York
260 _bSimon and Schuster
260 _c1991
300 _a303 p
650 _aLiterature
942 _cBK
999 _c34784
_d34784